Statistiques concernant Jeux télévisés en France

Cliquez ici pour prendre le quiz!

Statistiques générales

  • Ce quiz a été pris 482 fois
  • Le résultat moyen est 11 sur 20

Statistiques - réponses

Réponse% Correct
Koh-Lanta
95%
Fort Boyard
92%
Motus
89%
Burger Quiz
85%
Slam
81%
Questions pour un Champion
74%
Le Juste Prix
72%
Tout le monde veut prendre sa place
71%
Le Maillon Faible
68%
Intervilles
65%
Attention à la marche !
64%
À prendre ou à laisser
59%
Le Bigdil
56%
The Wall : Face au mur
36%
Une famille en or
36%
La Carte aux trésors
33%
Harry
29%
Chacun son tour
17%
8 chances de tout gagner !
9%
Le Kadox
1%

Distribution des résultats

Percentile par nombre de réponses

% des personnes avec chaque résultat

Votre développement - résultats

Vous n’avez pas pris ce quiz